000 00608nam a2200181 i 4500
001 51224
003 ES-MaACL
005 20240522111751.0
007 t|
008 030811s1919 xxk ||||1| eng d
100 1 _aChesterton, Cecil, Mrs.
_9138457
245 1 2 _aA history of the United States /
_cby Cecil Chesterton ; with an introduction by G.K. Chesterton.
260 _aLondon :
_bChatto and Windus,
_c1919 (
_fWilliam Clowes and Sons)
300 _aXVII, 252 p. :
_b1 retr. aut. ;
_c20 cm.
700 0 _aChesterton, G. K.,
_d1874-1936
_938399
852 _aES-MaACL
_jB-3057
999 _c51224
_d51224